000 00629nam a2200217Ia 4500
005 20240219100143.0
008 131103s9999 xx 000 0 und d
020 _aSBN 33390022 7
_cRs. 55
040 _aLoreto College
041 _aEnglish
082 _a572.954
_bFUC
100 _aFuchs, Stephen
245 4 _aThe Aboriginal Tribes of India,
_cStephen Fuchs
260 _aDelhi
_bMacmillan Company
_c1973
300 _avi, 307 p.
504 _aIncludes index
650 _aAboriginal tribes
651 _aCulture and institutions - Indigenous racial, ethnic and national groups
850 _aLCLIB
942 _cBK
999 _c1049
_d51528